000
00331nam a2200121Ia 4500
008
230524s9999 xx 000 0 und d
100
_a
Kogent Learning Solutions Inc.
245
0
_a
Java Server Programming Java EE6 (J2EE 1.6) Black Book
260
_b
Dreamtech
500
_a
Quantity Number: 2
650
_a
Comp-Sc
942
_c
BK
999
_c
49967
_d
49967